[Event "CZE-ch (Women)"]
[Site "Ostrava"]
[Date "2024.04.29"]
[Round "1.3"]
[White "Lhotska, Anna"]
[Black "Voriskova, Anna"]
[Result "0-1"]
[WhiteElo "2114"]
[BlackElo "2007"]
[PlyCount "60"]
[EventDate "2024.04.28"]
[EventType "k.o."]
[EventRounds "4"]
[EventCountry "CZE"]
[SourceTitle "CB19_2024"]
[SourceDate "2024.05.08"]
[SourceVersion "1"]
[SourceVersionDate "2024.05.08"]
[SourceQuality "1"]

1. e4 c5 2. Nf3 Nc6 3. d4 cxd4 4. Nxd4 Nf6 5. Nc3 e5 6. Ndb5 d6 7. Bg5 a6 8. Na3 b5 9. Bxf6 gxf6 10. Nd5 f5 11. c3 Bg7 12. exf5 Bxf5 13. Nc2 0-0 14. Nce3 Be6 15. Bd3 f5 16. Qh5 e4 17. Bc2 Ne7 18. 0-0-0 Rb8 19. g4 f4 20. Bxe4 Ng6 21. Nf5 Bxd5 22. Rxd5 b4 23. Rxd6 Qe8 24. Bc2 bxc3 25. Rhd1 Rxb2 26. Bb3+ Rxb3 27. axb3 Qe2 28. Nh6+ Kh8 29. Nf7+ Rxf7 30. Rd8+ Nf8 0-1

[Event "CZE-ch (Women)"]
[Site "Ostrava"]
[Date "2024.04.29"]
[Round "1.6"]
[White "Voriskova, Anna"]
[Black "Lhotska, Anna"]
[Result "0-1"]
[WhiteElo "2007"]
[BlackElo "2114"]
[PlyCount "114"]
[EventDate "2024.04.28"]
[EventType "k.o."]
[EventRounds "4"]
[EventCountry "CZE"]
[SourceTitle "CB19_2024"]
[SourceDate "2024.05.08"]
[SourceVersion "1"]
[SourceVersionDate "2024.05.08"]
[SourceQuality "1"]

1. e4 c5 2. Nc3 Nc6 3. g3 g6 4. Bg2 Bg7 5. Nge2 Rb8 6. a4 d6 7. 0-0 a6 8. f4 e6 9. f5 exf5 10. exf5 Bxf5 11. Nf4 Nge7 12. Nfd5 Nxd5 13. Nxd5 0-0 14. d3 Ne5 15. h3 Be6 16. Nf4 b5 17. axb5 axb5 18. c3 Qd7 19. Kh2 b4 20. d4 bxc3 21. bxc3 cxd4 22. cxd4 Nc4 23. d5 Bxa1 24. dxe6 fxe6 25. Qe2 Ne5 26. Ba3 Bc3 27. Rd1 Bb4 28. Bb2 Qe7 29. Bxe5 dxe5 30. Nd3 Bd6 31. Nf2 Ba3 32. Ne4 Rb2 33. Qe3 Ra8 34. Rf1 Ra7 35. Qh6 Bb4 36. Nf6+ Kh8 37. Nxh7 Qxh7 38. Rf8+ Bxf8 39. Qxf8+ Qg8 40. Qh6+ Rh7 41. Qg5 Rbb7 42. Qf6+ Qg7 43. Qd8+ Qg8 44. Qf6+ Rbg7 45. Qxe5 g5 46. g4 Qf8 47. Qxe6 Qf4+ 48. Kh1 Qc1+ 49. Kh2 Qf4+ 50. Kg1 Qc1+ 51. Bf1 Rf7 52. Qe8+ Kg7 53. Qe5+ Kg8 54. Qe8+ Rf8 55. Qg6+ Rg7 56. Qe6+ Rgf7 57. Kg2 Qxf1+ 0-1

[Event "CZE-ch (Women)"]
[Site "Ostrava"]
[Date "2024.04.28"]
[Round "1.1"]
[White "Lhotska, Anna"]
[Black "Voriskova, Anna"]
[Result "1/2-1/2"]
[WhiteElo "2114"]
[BlackElo "2007"]
[PlyCount "105"]
[EventDate "2024.04.28"]
[EventType "k.o."]
[EventRounds "4"]
[EventCountry "CZE"]
[SourceTitle "CB19_2024"]
[SourceDate "2024.05.08"]
[SourceVersion "1"]
[SourceVersionDate "2024.05.08"]
[SourceQuality "1"]

1. e4 c5 2. Nf3 Nc6 3. d4 cxd4 4. Nxd4 Nf6 5. Nc3 e5 6. Ndb5 d6 7. Bg5 a6 8. Na3 b5 9. Bxf6 gxf6 10. Nd5 f5 11. g3 fxe4 12. Bg2 Bg7 13. Bxe4 Be6 14. Qh5 Rb8 15. Rd1 h6 16. c3 Qd7 17. Qf3 Bxd5 18. Bxd5 Rc8 19. 0-0 0-0 20. Nc2 Ne7 21. Bb7 Rb8 22. Be4 f5 23. Bd5+ Kh8 24. Qh5 Rf6 25. f4 Qa7+ 26. Kg2 Rbf8 27. Nb4 a5 28. Nc6 Nxc6 29. Bxc6 Qc5 30. Bd5 e4 31. Kh1 Qc7 32. g4 fxg4 33. Qxg4 e3 34. Rde1 Qc5 35. Be4 d5 36. Bb1 Re8 37. Rg1 Re7 38. Rg3 Qc4 39. Rgxe3 Rxe3 40. Rxe3 Qf1+ 41. Qg1 Rxf4 42. Re8+ Bf8 43. Qxf1 Rxf1+ 44. Kg2 Rxb1 45. Rxf8+ Kg7 46. Rf2 Kg6 47. Rd2 Kf6 48. Kf3 Ke5 49. Kg4 Rf1 50. Kh5 Rf6 51. h4 b4 52. Re2+ Kd6 53. Rg2 1/2-1/2

[Event "Wch U18 Girls"]
[Site "Montesilvano"]
[Date "2023.11.23"]
[Round "10"]
[White "Hrebenshchykova, Yelyzaveta"]
[Black "Voriskova, Anna"]
[Result "1-0"]
[WhiteElo "2292"]
[BlackElo "2065"]
[PlyCount "109"]
[EventDate "2023.11.13"]
[EventType "swiss"]
[EventRounds "11"]
[EventCountry "ITA"]
[SourceTitle "CB48_2023"]
[SourceDate "2023.11.29"]
[SourceVersion "1"]
[SourceVersionDate "2023.11.29"]
[SourceQuality "1"]

1. d4 Nf6 2. c4 c5 3. d5 b5 4. cxb5 a6 5. e3 axb5 6. Bxb5 Qa5+ 7. Nc3 Bb7 8. Bd2 Qb6 9. Qb3 e6 10. e4 Be7 11. Nge2 0-0 12. 0-0 Na6 13. dxe6 fxe6 14. Bg5 Qc7 15. Bf4 Qc8 16. Rad1 Kh8 17. Bxd7 Nxd7 18. Qxe6 Nf6 19. Qxe7 Re8 20. Qf7 Bxe4 21. Nxe4 Rxe4 22. Be3 Qc6 23. Ng3 Rg4 24. Qe7 Nd5 25. Qe5 Nac7 26. Rc1 Ne6 27. Rfd1 Nxe3 28. fxe3 Re8 29. Rd6 Qc8 30. Qd5 h6 31. Qc6 Qxc6 32. Rxc6 Kh7 33. b3 Rb4 34. Rd1 Rb7 35. Rd3 Ra7 36. a4 Rb7 37. Ne4 Nf4 38. exf4 Rxe4 39. Rxc5 Rxf4 40. Rc2 Re7 41. g3 Rfe4 42. Ra2 Rb4 43. Kf2 Reb7 44. Ra3 Rc7 45. Rd2 Rc3 46. Rb2 Rb8 47. a5 Rf8+ 48. Kg2 h5 49. a6 h4 50. a7 Ra8 51. gxh4 Kh6 52. Ra5 Rc7 53. Rba2 Rb7 54. R2a3 Kg6 55. Kf3 1-0

[Event "Wch U18 Girls"]
[Site "Montesilvano"]
[Date "2023.11.18"]
[Round "6"]
[White "Voriskova, Anna"]
[Black "Wisniowski, Natalie"]
[Result "1-0"]
[WhiteElo "2065"]
[BlackElo "1901"]
[PlyCount "139"]
[EventDate "2023.11.13"]
[EventType "swiss"]
[EventRounds "11"]
[EventCountry "ITA"]
[SourceTitle "CB48_2023"]
[SourceDate "2023.11.29"]
[SourceVersion "1"]
[SourceVersionDate "2023.11.29"]
[SourceQuality "1"]

1. e4 c6 2. d4 d5 3. Nc3 dxe4 4. Nxe4 Nf6 5. Nxf6+ exf6 6. c3 Bd6 7. Bd3 0-0 8. Qc2 Re8+ 9. Ne2 h5 10. Be3 Nd7 11. 0-0-0 Nf8 12. Kb1 Be6 13. Bf4 Bxf4 14. Nxf4 Qd6 15. Nxe6 Nxe6 16. g4 h4 17. f3 Qf4 18. Qf2 Qg5 19. Be4 Nf4 20. Qc2 a5 21. Qb3 Re7 22. c4 Rd8 23. d5 cxd5 24. cxd5 Red7 25. d6 Rxd6 26. Rxd6 Rxd6 27. Qxb7 Ne6 28. Rc1 Qd2 29. Qe7 Rd8 30. a3 Rb8 31. Rc2 Qd4 32. Ka2 Qe5 33. Rd2 Qb5 34. Bd5 Re8 35. Qb7 Qxb7 36. Bxb7 Nc5 37. Bd5 Kf8 38. Rc2 Ne6 39. Rc6 Rd8 40. Bxe6 fxe6 41. Rxe6 Rd2 42. Ra6 Rxh2 43. Rxa5 g6 44. Rd5 Rf2 45. a4 h3 46. a5 h2 47. Rd8+ Kg7 48. Rd1 Rxf3 49. Rh1 Rh3 50. a6 Kf7 51. a7 Rh8 52. Rxh2 Ra8 53. Rh7+ Ke6 54. Kb3 f5 55. gxf5+ gxf5 56. Kc4 f4 57. Kb5 f3 58. Kb6 f2 59. Rh1 Rd8 60. b4 Rd6+ 61. Ka5 Rd2 62. Rf1 Ra2+ 63. Kb6 Kd7 64. Kb7 Rb2 65. Rd1+ Ke7 66. a8Q Rxb4+ 67. Kc6 Rc4+ 68. Kd5 Rc7 69. Qa3+ Kf7 70. Qf3+ 1-0

[Event "Wch U18 Girls"]
[Site "Montesilvano"]
[Date "2023.11.17"]
[Round "5"]
[White "Bhagyashree, Patil"]
[Black "Voriskova, Anna"]
[Result "1-0"]
[WhiteElo "1830"]
[BlackElo "2065"]
[PlyCount "51"]
[EventDate "2023.11.13"]
[EventType "swiss"]
[EventRounds "11"]
[EventCountry "ITA"]
[SourceTitle "CB48_2023"]
[SourceDate "2023.11.29"]
[SourceVersion "1"]
[SourceVersionDate "2023.11.29"]
[SourceQuality "1"]

1. d4 Nf6 2. Nf3 d5 3. e3 e6 4. c4 Bb4+ 5. Nc3 0-0 6. Bd3 c5 7. a3 Bxc3+ 8. bxc3 Nc6 9. 0-0 Qc7 10. Bb2 Rd8 11. Qe2 b6 12. cxd5 exd5 13. c4 cxd4 14. cxd5 Rxd5 15. Nxd4 Ne5 16. Rac1 Qd8 17. Bb1 a5 18. Qc2 Rc5 19. Qa4 Bb7 20. Rxc5 bxc5 21. Nf5 Qc7 22. Qf4 Re8 23. Qg5 Ng6 24. Bxf6 Qc6 25. Bxg7 h6 26. Qg3 1-0

[Event "CZE-chT2D 2223"]
[Site "Czech Republic"]
[Date "2023.01.08"]
[Round "6.8"]
[White "Banic, Marek"]
[Black "Voriskova, Anna"]
[Result "0-1"]
[WhiteElo "1935"]
[BlackElo "1743"]
[PlyCount "66"]
[EventDate "2022.10.16"]
[EventType "team-tourn"]
[EventRounds "11"]
[EventCountry "CZE"]
[SourceTitle "EXT 2024"]
[Source "ChessBase"]
[SourceDate "2023.10.10"]
[SourceVersion "1"]
[SourceVersionDate "2023.10.10"]
[SourceQuality "1"]
[WhiteTeam "Hradec Kralove Slavia"]
[BlackTeam "Hradec Kralove Lipky"]
[WhiteTeamCountry "CZE"]
[BlackTeamCountry "CZE"]

1. e4 c5 2. c3 d5 3. exd5 Qxd5 4. d4 Nf6 5. Nf3 Bg4 6. Be2 e6 7. Na3 Nc6 8. 0-0 Be7 9. Nb5 Rc8 10. dxc5 Bxc5 11. Nbd4 0-0 12. h3 Bh5 13. Be3 Rfd8 14. Nxc6 Qxc6 15. Qc1 Qb6 16. Bxc5 Qxc5 17. Nd4 Bg6 18. Bf3 Qb6 19. Nb3 Ne4 20. Bxe4 Bxe4 21. Re1 Qc6 22. f3 Bg6 23. Qe3 Qa6 24. Nd4 h6 25. a4 Qb6 26. b4 a5 27. Nb5 Qxe3+ 28. Rxe3 axb4 29. cxb4 Rc2 30. Rc3 Rb2 31. Rc7 Rdd2 32. Rxb7 Rxg2+ 33. Kh1 Rh2+ 0-1

[Event "Hradec Kralove Region-chT 2223"]
[Site "Czech Republic"]
[Date "2022.11.27"]
[Round "4.3"]
[White "Drasnar, Lukas"]
[Black "Voriskova, Anna"]
[Result "0-1"]
[WhiteElo "1789"]
[BlackElo "1846"]
[PlyCount "90"]
[EventDate "2022.10.09"]
[EventType "team-tourn"]
[EventRounds "11"]
[EventCountry "CZE"]
[SourceTitle "EXT 2024"]
[Source "ChessBase"]
[SourceDate "2023.10.10"]
[SourceVersion "1"]
[SourceVersionDate "2023.10.10"]
[SourceQuality "1"]

1. e4 c5 2. Nf3 Nc6 3. Bb5 g6 4. 0-0 Bg7 5. c3 Nf6 6. d3 0-0 7. Qe2 d6 8. h3 a6 9. Ba4 b5 10. Bc2 Bb7 11. a3 a5 12. d4 Qc7 13. d5 Nb8 14. a4 bxa4 15. Rxa4 Nbd7 16. Nbd2 Rfb8 17. Bd3 Nb6 18. Ra3 Nfd7 19. Bb5 Qc8 20. h4 a4 21. Nc4 Ba6 22. Nxb6 Rxb6 23. Bxa6 Qxa6 24. Qxa6 Raxa6 25. Nd2 Ne5 26. f4 Nd3 27. Nc4 Rb3 28. Bd2 Bh6 29. Rf3 Nxb2 30. Rxb3 Nxc4 31. Rb8+ Kg7 32. Bc1 a3 33. Rb1 a2 34. Ra1 Ne5 35. fxe5 Bxc1 36. Rf2 Be3 37. exd6 exd6 38. Kf1 Bxf2 39. Kxf2 Kf6 40. Ke3 Ke5 41. g3 Ra4 42. Kd3 f6 43. h5 gxh5 44. Rh1 Rxe4 45. Rxh5+ f5 0-1

[Event "EU-ch Amateur Online 1700/2000"]
[Site "Tornelo INT"]
[Date "2021.04.24"]
[Round "3"]
[White "Voriskova, Anna"]
[Black "Gkavardinas, Antonios"]
[Result "0-1"]
[WhiteElo "1911"]
[BlackElo "1606"]
[PlyCount "66"]
[EventDate "2021.04.24"]
[EventType "swiss (rapid)"]
[EventRounds "8"]
[EventCountry "NET"]
[SourceTitle "EXT 2023"]
[Source "ChessBase"]
[SourceDate "2022.10.05"]
[SourceVersion "1"]
[SourceVersionDate "2022.10.05"]
[SourceQuality "1"]

1. d4 d5 2. c4 e6 3. Nc3 Be7 4. Nf3 Nf6 5. cxd5 exd5 6. Bg5 c6 7. e3 Bf5 8. Bd3 Bxd3 9. Qxd3 0-0 10. 0-0 Nbd7 11. Rfe1 Ne4 12. Bxe7 Qxe7 13. a3 a5 14. Rab1 Nb6 15. Nd2 f5 16. Rec1 Rae8 17. Ncxe4 fxe4 18. Qe2 a4 19. b4 Rf6 20. b5 Qc7 21. bxc6 bxc6 22. Qa6 Rb8 23. Qe2 Rh6 24. g3 Rf6 25. f3 exf3 26. Nxf3 Nc4 27. e4 Rbf8 28. Rxc4 dxc4 29. Ne5 c5 30. Qxc4+ Kh8 31. Qd5 cxd4 32. Qxd4 Qc2 33. Re1 Rf2 0-1

[Event "Wch FIDE Online U14 Girls Europe qual"]
[Site "Tornelo INT"]
[Date "2020.12.09"]
[Round "6"]
[White "Sheikh, Anum"]
[Black "Voriskova, Anna"]
[Result "0-1"]
[WhiteElo "1709"]
[BlackElo "1645"]
[PlyCount "176"]
[EventDate "2020.12.07"]
[EventType "swiss (rapid)"]
[EventRounds "7"]
[EventCountry "ISS"]
[SourceTitle "EXT 2022"]
[Source "ChessBase"]
[SourceDate "2021.10.06"]
[SourceVersion "1"]
[SourceVersionDate "2021.10.06"]
[SourceQuality "1"]

1. e4 c5 2. a3 Nc6 3. b4 cxb4 4. axb4 Nxb4 5. d4 d5 6. c3 Nc6 7. exd5 Qxd5 8. Na3 e5 9. Nb5 Bd6 10. Bc4 Qe4+ 11. Ne2 Bb8 12. f3 Qg6 13. d5 Nd8 14. 0-0 Nf6 15. Ng3 0-0 16. Bd3 e4 17. Nxe4 Nxe4 18. fxe4 Be5 19. Bf4 Bxf4 20. Rxf4 Qg5 21. Qf3 f6 22. Nd6 Nf7 23. Nxf7 Rxf7 24. Re1 Qe5 25. Bc4 Kh8 26. Rh4 Qc7 27. Qd3 Qe5 28. Rf1 Rc7 29. d6 Qc5+ 30. Kh1 Qxc4 31. Qf3 Rf7 32. Rd1 Qe6 33. Qh5 h6 34. Qg6 Bd7 35. h3 Rc8 36. Rd3 f5 37. exf5 Qxf5 38. Qg3 Qf1+ 39. Kh2 Rcf8 40. Rd5 Qf6 41. Rdh5 b5 42. Rd5 Bc6 43. Rdd4 a5 44. Rhg4 a4 45. Rb4 Bd7 46. Rgd4 a3 47. Rb1 a2 48. Ra1 Ra8 49. Rd2 Qf4 50. Rdxa2 Qxg3+ 51. Kxg3 Rxa2 52. Rxa2 Rf6 53. Rd2 Rf5 54. Rd4 Kg8 55. Kh4 Kf7 56. g4 Re5 57. Kg3 Ke6 58. Kf4 Rd5 59. Re4+ Kxd6 60. Rb4 Kc6 61. Ke4 Rc5 62. Kd4 Be6 63. Rb1 Rc4+ 64. Kd3 Kc5 65. Re1 Bf7 66. Re5+ Kc6 67. Re7 Bg6+ 68. Ke2 Re4+ 69. Rxe4 Bxe4 70. Ke3 Bg6 71. h4 Kc5 72. g5 hxg5 73. hxg5 Kc4 74. Kd2 Bf5 75. Kc1 Kxc3 76. Kd1 b4 77. Kc1 b3 78. Kd1 b2 79. Ke2 b1Q 80. Ke3 Qe4+ 81. Kf2 Qf4+ 82. Ke2 Qxg5 83. Kd1 Qg4+ 84. Ke1 Qg3+ 85. Kd1 Bc2+ 86. Ke2 Bd3+ 87. Kd1 Qf3+ 88. Ke1 Qe2# 0-1